The security context in the black sea region / (Record no. 14495)

000 -LEADER
fixed length control field 01915nam a2200181 a 4500
001 - CONTROL NUMBER
control field ASIN0415560888
005 - DATE AND TIME OF LATEST TRANSACTION
control field 20170105102856.0
008 - FIXED-LENGTH DATA ELEMENTS--GENERAL INFORMATION
fixed length control field 130905s2010 xxu eng d
020 ## - INTERNATIONAL STANDARD BOOK NUMBER
International Standard Book Number 0415560888 (hardcover)
Terms of availability $150.00
020 ## - INTERNATIONAL STANDARD BOOK NUMBER
International Standard Book Number 9780415560887 (hardcover)
245 14 - TITLE STATEMENT
Title The security context in the black sea region /
Statement of responsibility, etc. Dimitrios Triantaphyllou.
250 ## - EDITION STATEMENT
Edition statement 1st ed.
260 ## - PUBLICATION, DISTRIBUTION, ETC.
Place of publication, distribution, etc. [S.l.] :
Name of publisher, distributor, etc. Routledge,
Date of publication, distribution, etc. 2010.
300 ## - PHYSICAL DESCRIPTION
Extent 184 p. ;
Dimensions 25 cm.
520 ## - SUMMARY, ETC.
Summary, etc. This book on the security context in the Black Sea region is a timely endeavour and substantive contribution to understanding the state of play in the region and its linkages to the rest of the world. With contributions from analysts from Europe, the United States, Russia, Ukraine and Turkey, the book provides a holistic perspective. Post-Cold War developments have increased interest in the Black Sea region and the role of the regional and extra-regional actors in its security issues: this volume examines the position of the United States; NATO’s involvement; the EU’s engagement; Russia and Turkey’s aspirations alongside the policies of the other states in the region as they seek a role for themselves. It illustrates and investigates key concerns such as security, energy and energy security, regionalism and good governance; and questions why a cooperative security framework (or other regional schemes which could accommodate the needs of all stakeholders) has to date never become a reality. This book adds to the growing body of research on the region, presenting the facts of the current situation and asking what can be done in the Black Sea region for it to survive given its precarious security environment. This book was published as a special issue of Southeast European and Black Sea Studies .
700 1# - ADDED ENTRY--PERSONAL NAME
Personal name Triantaphyllou, Dimitrios.
856 40 - ELECTRONIC LOCATION AND ACCESS
Materials specified Amazon.com
Uniform Resource Identifier <a href="http://www.amazon.com/exec/obidos/ASIN/0415560888/chopaconline-20">http://www.amazon.com/exec/obidos/ASIN/0415560888/chopaconline-20</a>
Holdings
Withdrawn status Lost status Source of classification or shelving scheme Damaged status Not for loan Collection code Permanent Location Current Location Shelving location Date acquired Total Checkouts Full call number Barcode Date last seen Price effective from Koha item type
            Centre for International Peace & Stability (CIPS) Centre for International Peace & Stability (CIPS) General Stacks 09/05/2013   327.17 SEC 2010 CIPS0000441 09/05/2013 09/05/2013 Book
© 2023 Central Library, National University of Sciences and Technology. All Rights Reserved.